[Event "Rohde op 09th"]
[White "David, Sebastien"]
[Black "Colas, Bruno"]
[Site "Sautron"]
[Round "3"]
[Result "1-0"]
[Date "2009.10.26"]
[WhiteElo "1791"]
[BlackElo "1631"]
[PlyCount "61"]
[EventDate "2009.10.24"]
[EventType "swiss"]
[EventRounds "9"]
[EventCountry "FRA"]
[SourceTitle "EXT 2010"]
[Source "ChessBase"]
[SourceDate "2010.11.25"]
[SourceVersion "1"]
[SourceVersionDate "2010.11.25"]
[SourceQuality "1"]

1. e4 g6 2. d4 Bg7 3. c4 b6 4. Nc3 d6 5. Be3 Nf6 6. f3 Nbd7 7. Bd3 c5 8. d5 Ne5 9. Nge2 0-0 10. Qd2 Nxd3+ 11. Qxd3 Nd7 12. h4 Ne5 13. Qc2 Nxc4 14. Bd2 h5 15. 0-0-0 Nxd2 16. Qxd2 Bd7 17. Rdg1 b5 18. g4 b4 19. Nd1 Qa5 20. Kb1 c4 21. gxh5 c3 22. Qc2 b3 23. axb3 cxb2 24. Nxb2 Rfc8 25. Qd1 Qa3 26. Nd4 Rab8 27. hxg6 Rxb3 28. gxf7+ Kf8 29. Qxb3 Qc5 30. Ne6+ Bxe6 31. dxe6 1-0